000 00612nam a2200241 a 4500
001 0001-1084
003 ELIB.Books
008 150114 2010 eng
020 _a0965879100
035 _a(ELIB.Books)0001-1239
092 _aB
_bEmm
100 _aEmmert, Martha Atkins.
245 _aCommon Clay
260 _aIndiana
_bNorthern Baptist Theological Seminary
_c1997
300 _a344
_b10 pages
_c21
500 _aC/o Moe Lwai
650 _aBiography
856 _nKBTS; Library
_uKBTS; Elib.
942 _2ddc
_cBK
990 _a1
998 _cbat
_e2015-01-14
999 _c11084
_d11084